| 000 | 00666nam a22002177a 4500 | ||
|---|---|---|---|
| 003 | OSt | ||
| 005 | 20220107122900.0 | ||
| 008 | 210723b xxu||||| |||| 00| 0 eng d | ||
| 020 | _a9781839215414 | ||
| 040 | _cKUDSIT | ||
| 100 |
_aHoque, Shama _918573 |
||
| 245 |
_aFull-stack react projects: _bLearn MERN stack development by building modern web apps using MongoDB, Express, React, and Node.js _cShama Hoque |
||
| 250 | _a2 | ||
| 260 |
_aBirmingham/ Mumbai; _bPackt Publishing, _c2020. |
||
| 300 | _axvi, 693p. | ||
| 650 |
_aCOMPUTER SCIENCE _918574 |
||
| 650 |
_aMONGODB _918575 |
||
| 650 |
_aNODE _918576 |
||
| 650 |
_aMODERN WEB APPS _918577 |
||
| 942 |
_2ddc _cBK |
||
| 999 |
_c6839 _d6839 |
||